| 000 | 00737nam a2200205Ia 4500 | ||
|---|---|---|---|
| 003 | GCL | ||
| 008 | 140319s9999 xx 000 0 ara d | ||
| 040 |
_aGCL / _cGCL |
||
| 082 | 0 | 4 |
_aق _b726.1 _bهـ ق |
| 100 | 1 | _aهيئة الاثار المصرية | |
| 245 | 1 | 0 |
_aالقاهرة الاسلامية : جامع عمرو بن العاص / _cهيئة الاثار المصرية |
| 260 |
_a[S.N] : _bهيئة الاثار المصرية ، _c1986 |
||
| 300 |
_a ؛ _c24 سم |
||
| 650 | 0 | 4 | _aالعمارة الاسلامية |
| 650 | 0 | 4 | _aالاثار الاسلامية |
| 650 | 0 | 4 | _aالمساجد |
| 650 | 0 | 4 | _aجامع عمرو بن العاص |
| 650 | 0 | 4 | _aمسجد عمرو اوالمسجد العتيق |
| 942 |
_2ddc _cBK |
||
| 999 |
_c52435 _d52435 |
||